书目信息 |
| 题名: |
民族经济学教程
|
|
| 作者: | 施正一 主编 | |
| 分册: | ||
| 出版信息: | 北京 中央民族大学出版社 2001.05 |
|
| 页数: | 18, 584页 | |
| 开本: | 20cm | |
| 丛书名: | ||
| 单 册: | ||
| 中图分类: | F063.6 | |
| 科图分类: | ||
| 主题词: | 民族经济学--min zu jing ji xue--研究生--教材 | |
| 电子资源: | ||
| ISBN: | 978-7-81056-082-5 | |
| 000 | 00812nam0 2200253 450 | |
| 001 | 012007923474 | |
| 005 | 20071228115538.10 | |
| 010 | @a978-7-81056-082-5@dCNY24.00 | |
| 100 | @a20071227d2001 km y0chiy0120 ea | |
| 101 | 0 | @achi |
| 102 | @aCN@b110000 | |
| 105 | @ay a 000yy | |
| 106 | @ar | |
| 200 | 1 | @a民族经济学教程@Amin zu jing ji xue jiao cheng@f施正一主编@Fshi zheng yi zhu bian |
| 205 | @a修订本 | |
| 210 | @a北京@c中央民族大学出版社@d2001.05 | |
| 215 | @a18, 584页@d20cm | |
| 320 | @a有书目。 | |
| 330 | @a本书共分四个部分:民族与经济、中国民族经济、发展中国家的民族经济、发达国家中的民族经济。 | |
| 606 | 0 | @a民族经济学@Amin zu jing ji xue@x研究生@j教材 |
| 690 | @aF063.6@v4 | |
| 701 | 0 | @a施正一@Ashi zheng yi@4主编 |
| 801 | 0 | @aCN@bQSSK@c20071228 |
| 905 | @b272639-41@dF063.6@eS509@f3 | |
| 民族经济学教程/施正一主编.-修订本.-北京:中央民族大学出版社,2001.05 |
| 18, 584页;20cm |
| ISBN 978-7-81056-082-5:CNY24.00 |
| 本书共分四个部分:民族与经济、中国民族经济、发展中国家的民族经济、发达国家中的民族经济。 |
| ● |
| 相关链接 |
|
|
|
正题名:民族经济学教程
索取号:F063.6/S509
 
预约/预借
| 序号 | 登录号 | 条形码 | 馆藏地/架位号 | 状态 | 备注 |
| 1 | 272639 | 202726390 | 社科库409/409社科库 65排3列5层/ [索取号:F063.6/S509] | 在馆 | |
| 2 | 272640 | 202726407 | 社科二线422/409社科库 65排3列5层/ [索取号:F063.6/S509] | 在馆 | |
| 3 | 272641 | 202726416 | 社科库409/409社科库 65排3列5层/ [索取号:F063.6/S509] | 在馆 |